| 000 | 00530nam a2200193 a 4500 | ||
|---|---|---|---|
| 005 | 20140310182408.0 | ||
| 008 | 060127s19uu xx 00 eng d | ||
| 020 | _a0449300021 | ||
| 050 |
_aPZ 7 _b.H895 1997 |
||
| 100 | _aHugo, Victor | ||
| 245 |
_aLes miserables / _cVictor Hugo. |
||
| 260 |
_aNew York : _bFawcett Books, _c1997. |
||
| 300 |
_a400 p. : _c18 cm. |
||
| 650 |
_aIRS set 74 _xFrench novel. |
||
| 650 | _aHistorical fiction. | ||
| 650 |
_aPoverty and ignorance _xFiction. |
||
| 942 |
_cBK _2lcc |
||
| 999 |
_c12771 _d12771 |
||